<?xml version="1.0" encoding="UTF-8"?>
<record
    xmlns:xsi="http://www.w3.org/2001/XMLSchema-instance"
    xsi:schemaLocation="http://www.loc.gov/MARC21/slim http://www.loc.gov/standards/marcxml/schema/MARC21slim.xsd"
    xmlns="http://www.loc.gov/MARC21/slim">

  <leader>00787nam a2200145Ia 4500</leader>
  <controlfield tag="008">210329s9999||||xx |||||||||||||| ||und||</controlfield>
  <datafield tag="040" ind1=" " ind2=" ">
    <subfield code="c">STCPL</subfield>
  </datafield>
  <datafield tag="041" ind1=" " ind2=" ">
    <subfield code="h">ENG</subfield>
  </datafield>
  <datafield tag="082" ind1=" " ind2=" ">
    <subfield code="a">823</subfield>
    <subfield code="b">PUB-P</subfield>
  </datafield>
  <datafield tag="245" ind1=" " ind2="0">
    <subfield code="a">Profiles in greatness</subfield>
  </datafield>
  <datafield tag="260" ind1=" " ind2=" ">
    <subfield code="a">India</subfield>
    <subfield code="b">Gandhiji University</subfield>
    <subfield code="c">1994</subfield>
  </datafield>
  <datafield tag="300" ind1=" " ind2=" ">
    <subfield code="a">96</subfield>
  </datafield>
  <datafield tag="650" ind1=" " ind2=" ">
    <subfield code="a">English Fiction&#xD2F;&#xD41;&#xD17;&#xD2A;&#xD4D;&#xD2A;&#xD3F;&#xD31;&#xD35;&#xD3F;&#xD2F;&#xD41;&#xD1F;&#xD46; &#xD28;&#xD3E;&#xD28;&#xD4D;&#xD26;&#xD3F;, &#xD1A;&#xD46;&#xD31;&#xD3F;&#xD2F;&#xD15;&#xD4D;&#xD15;&#xD28;&#xD4D;&#x200D;&#xD31;&#xD46; &#xD2A;&#xD3F;&#xD28;&#xD4D;&#xD28;&#xD3E;&#xD32;&#xD46;, &#xD2A;&#xD34;&#xD2E;&#xD2F;&#xD41;&#xD1F;&#xD46; &#xD38;&#xD3E;&#xD28;&#xD4D;&#xD28;&#xD3F;&#xD26;&#xD4D;&#xD27;&#xD4D;&#xD2F;&#xD02;, &#xD15;&#xD25;&#xD2F;&#xD41;&#xD1F;&#xD46; &#xD1A;&#xD1F;&#xD4D;&#xD1F;&#xD15;&#xD42;&#xD1F;&#xD4D;, &#xD28;&#xD30;&#xD4D;&#x200D;&#xD2E;&#xD4D;&#xD2E;&#xD24;&#xD4D;&#xD24;&#xD3F;&#xD28;&#xD4D;&#x200D;&#xD31;&#xD46; &#xD28;&#xD31;&#xD41;&#xD28;&#xD3F;&#xD32;&#xD3E;&#xD35;&#xD4D;, &#xD2F;&#xD35;&#xD28;&#xD3F;&#xD15;&#xD15;&#xD4D;&#xD15;&#xD41; &#xD2A;&#xD3F;&#xD28;&#xD4D;&#xD28;&#xD3F;&#xD32;&#xD4D;&#x200D;, &#xD1C;&#xD40;&#xD35;&#xD3F;&#xD24; &#xD26;&#xD30;&#xD4D;&#x200D;&#xD36;&#xD28;&#xD02;, &#xD0E;&#xD28;&#xD4D;&#xD24;&#xD3F;&#xD28;&#xD46;&#xD34;&#xD41;&#xD24;&#xD41;&#xD28;&#xD4D;&#xD28;&#xD41;</subfield>
  </datafield>
  <datafield tag="942" ind1=" " ind2=" ">
    <subfield code="c">BK</subfield>
  </datafield>
  <datafield tag="999" ind1=" " ind2=" ">
    <subfield code="c">40088</subfield>
    <subfield code="d">40088</subfield>
  </datafield>
  <datafield tag="952" ind1=" " ind2=" ">
    <subfield code="0">0</subfield>
    <subfield code="1">0</subfield>
    <subfield code="4">0</subfield>
    <subfield code="7">0</subfield>
    <subfield code="a">STCPL</subfield>
    <subfield code="b">STCPL</subfield>
    <subfield code="c">D 10</subfield>
    <subfield code="d">2021-07-10</subfield>
    <subfield code="g">10.00</subfield>
    <subfield code="l">0</subfield>
    <subfield code="o">823 PUB-P</subfield>
    <subfield code="p">55630</subfield>
    <subfield code="r">2021-07-10 00:00:00</subfield>
    <subfield code="w">2021-07-10</subfield>
    <subfield code="y">BK</subfield>
  </datafield>
</record>
